[Event "Ch Czechoslovakia (open)"]
[Site "masterchessopen.com Prague (Czech Republic)"]
[Round "5"]
[White "Dudas Jan (SVK)"]
[Black "Eid Eva (LIB)"]
[Result "0-1"]
[WhiteElo "2211"]
[BlackElo "2330"]

1.d4 Nf6 2.c4 g6 3.Nc3 Bg7 4.e4 d6 5.Be2 O-O 6.Bg5 h6 7.Bf4 c5 8.d5 Qb6 9.Qd2
Kh7 10.h4 e5 11.Be3 Ng4 12.Bxg4 Bxg4 13.f3 Bd7 14.O-O-O Qb4 15.Qd3 b5 16.cxb5
a6 17.b6 Qxb6 18.g3 a5 19.f4 exf4 20.gxf4 Na6 21.Nge2 Rab8 22.Rd2 c4 23.Bxb6
cxd3 24.Bxa5 dxe2 25.Nxe2 Rfc8+ 26.Bc3 Nc5 {#R} 0-1

[Event "Ch RLPF (juniors) (under 17)"]
[Site "masterchessopen.com Worms (Germany)"]
[Round "0"]
[White "Berresheim Helmut (GER)"]
[Black "Simon Holger (GER)"]
[Result "0-1"]
[WhiteElo "2116"]
[BlackElo "2113"]

1.d4 Nf6 2.c4 g6 3.Nc3 Bg7 4.e4 d6 5.Be2 O-O 6.Bg5 h6 7.Be3 c5 8.d5 b5 9.cxb5
a6 10.bxa6 Bxa6 11.Qd2 Kh7 12.f3 Qa5 13.h4 Nbd7 14.Bxa6 Qxa6 15.Nge2 Ne5
16.Nf4 Nc4 17.Qc1 Rab8 18.Rb1 Nxe3 19.Qxe3 Nd7 20.Nfe2 Rb4 21.Qd2 Ne5 22.O-O
Nc4 23.Qc1 Rfb8 24.b3 Na3 25.Rb2 Nb5 26.Rd2 Nd4 27.Kh1 Bf6 28.g3 Nxe2 29.Nxe2
c4 30.bxc4 Rxc4 31.Rc2 Rxc2 {#R} 0-1

[Event "It (open)"]
[Site "masterchessopen.com Argentina"]
[Round "2"]
[White "Giardelli Sergio C (ARG)"]
[Black "Echeguren Gustavo (ARG)"]
[Result "1-0"]
[WhiteElo "2425"]
[BlackElo "2041"]

1.d4 Nf6 2.c4 g6 3.Nc3 Bg7 4.e4 d6 5.Be2 O-O 6.Bg5 h6 7.Be3 e5 8.d5 Na6 9.g4
Qd7 10.f3 c6 11.dxc6 bxc6 12.Qd2 h5 13.h3 Nc7 14.Rd1 Rd8 15.Bg5 Ne6 16.Be3 Nd4
17.g5 Ne8 18.f4 Nxe2 19.Ngxe2 Nc7 20.Kf2 d5 21.cxd5 cxd5 22.fxe5 Bxe5 23.Bf4
Bxf4 24.Qxf4 Ne6 25.Qe5 Qc7 26.Qxc7 Nxc7 27.exd5 Bb7 28.Nf4 Rd6 29.Rhe1 Kf8
30.Ne4 Ra6 31.d6 Nb5 32.d7 Rd8 33.Nf6 Nc7 34.Rc1 Ne6 35.Nxe6+ fxe6 36.Rc7 Rb6
37.b3 Ke7 38.Rec1 a6 39.Rc8 Rd6 40.Ng8+ {#r} 1-0

[Event "It (open) \"]
[Site "masterchessopen.com Berlin (Germany)"]
[Round "0"]
[White "Raetsky Alexander (RUS)"]
[Black "Gustavsson Cyrill (SWE)"]
[Result "1-0"]
[WhiteElo "2465"]
[BlackElo "2206"]

1.d4 Nf6 2.c4 g6 3.Nc3 Bg7 4.e4 O-O 5.Be2 d6 6.Bg5 h6 7.Be3 e5 8.d5 Na6 9.Qd2
Nc5 10.f3 a5 11.Bd1 Nh5 12.Bc2 f5 13.exf5 Bxf5 14.O-O-O Nf4 15.Bxc5 dxc5
16.Be4 a4 17.a3 Rf7 18.g3 Nh5 19.Qe3 Nf6 20.Nge2 Bxe4 21.Nxe4 Nxe4 22.fxe4 Qf8
23.Nc3 h5 24.Kb1 Bh6 25.Qe1 Ra6 26.Rf1 Raf6 27.Rxf6 Rxf6 28.Nb5 Qf7 29.Qa5 Rf1
30.Qxa4 Rf2 31.d6 cxd6 32.Rxd6 Be3 33.Nc3 Rd2 34.Rxd2 Bxd2 35.Nd5 Qf3 36.Ka2
Bh6 37.Qe8+ {#r} 1-0

[Event "Ch World (juniors) (under 20)"]
[Site "masterchessopen.com Buenos Aires (Argentina)"]
[Round "0"]
[White "Michelakis George (RSA)"]
[Black "Munoz Pantoja Miguel (PER)"]
[Result "1-0"]
[WhiteElo "2425"]
[BlackElo "2510"]

1.d4 Nf6 2.c4 g6 3.Nc3 Bg7 4.e4 O-O 5.Be2 d6 6.Bg5 h6 7.Be3 e5 8.d5 c5 9.g4
Qb6 10.Rb1 Bd7 11.h4 Qa5 12.Bd2 Na6 13.a3 Rfc8 14.Nh3 Kf8 15.g5 hxg5 16.Nxg5
Ke7 17.Nb5 Qb6 18.b4 Bxb5 19.cxb5 Nb8 20.bxc5 Qxc5 21.Rc1 Nbd7 22.Rxc5 Nxc5
23.Qb1 Rh8 24.Be3 Nfd7 25.Bg4 Bh6 26.Bxd7 Nxd7 27.Ke2 Rac8 28.Rc1 f6 29.Ne6
Nb6 30.Rxc8 Rxc8 31.Qg1 Kf7 32.h5 {#r} 1-0

[Event "It (open)"]
[Site "masterchessopen.com Ceske Budejovice (Czech Republic)"]
[Round "5"]
[White "Vasiliev Vladislav (RUS)"]
[Black "Gazik Igor (SVK)"]
[Result "0-1"]
[WhiteElo "2211"]
[BlackElo "2425"]

1.d4 g6 2.c4 Bg7 3.Nc3 d6 4.e4 Nf6 5.Be2 O-O 6.Bg5 h6 7.Be3 e5 8.d5 c6 9.Qd2
cxd5 10.cxd5 h5 11.f3 Nh7 12.Bd3 Na6 13.Rc1 f5 14.exf5 gxf5 15.Bb1 Bd7 16.Nge2
Kh8 17.O-O Qe8 18.f4 Qg6 19.Rf3 h4 20.Kh1 Rf7 21.Rh3 Bf6 22.Rg1 Qh5 23.Bc2 Rg7
24.Qe1 Qf7 25.Qf2 Nb4 26.fxe5 Bxe5 27.Nf4 Nxc2 28.Qxc2 Rg4 29.Qf2 b5 30.Rxh4
Rxh4 31.Qxh4 Rg8 32.h3 b4 33.Nd1 Qf6 34.Qf2 Ng5 35.Qh4+ Nh7 36.Qe1 Ng5 37.Nd3
Ne4 38.Nxe5 Ng3+ 39.Kh2 Qxe5 {#R} 0-1

[Event "It (open) \"]
[Site "masterchessopen.com Cologne (Germany)"]
[Round "9"]
[White "Schmidt Bernhard (GER)"]
[Black "Lindam Ingo"]
[Result "1-0"]
[WhiteElo "2244"]
[BlackElo "2060"]

1.d4 Nf6 2.c4 g6 3.Nc3 Bg7 4.e4 d6 5.Be2 O-O 6.Bg5 h6 7.Be3 Na6 8.Qd2 e5 9.d5
Kh7 10.f3 Nh5 11.Bd3 Nf4 12.Bc2 g5 13.g3 Ng6 14.O-O-O Nc5 15.Nge2 a5 16.h4
gxh4 17.f4 exf4 18.gxf4 f5 19.e5 Bd7 20.e6 Be8 21.Nd4 Ne7 22.Bf2 Bg6 23.Bxh4
Qe8 24.Rdg1 Ne4 25.Nxe4 fxe4 26.Bxe7 Qxe7 27.Rxg6 Kxg6 28.Bxe4+ Kf6 29.Qf2
{#r} 1-0

[Event "Cup Mitropa"]
[Site "masterchessopen.com Europe"]
[Round "0"]
[White "Boensch Uwe (GER)"]
[Black "Douven Rudy C (NED)"]
[Result "1-0"]
[WhiteElo "2525"]
[BlackElo "2405"]

1.d4 Nf6 2.c4 g6 3.Nc3 Bg7 4.e4 O-O 5.Be2 d6 6.Bg5 h6 7.Be3 c5 8.dxc5 Qa5
9.Bd2 Qxc5 10.Nf3 Bg4 11.Be3 Qa5 12.Nd2 Bxe2 13.Qxe2 h5 14.h3 Nc6 15.O-O Rac8
16.a3 Nd7 17.b4 Qd8 18.Rac1 a5 19.b5 Nd4 20.Bxd4 Bxd4 21.Nf3 Bxc3 22.Rxc3 Qb6
23.Nd2 Rc7 24.Kh1 Qd4 25.Rd3 Qb2 26.Qe3 Qg7 27.f4 Rfc8 28.e5 Nc5 29.exd6 Rd7
30.Rd5 Rxd6 31.Rxc5 Rxc5 32.Qxc5 Rxd2 33.Qc8+ Kh7 34.Qxb7 Qc3 35.f5 Qxc4
36.fxg6+ Kxg6 37.Qf3 Rd6 38.a4 Kg7 39.Qg3+ Kf8 40.Re1 Qxa4 {#r} 1-0

[Event "It (open)"]
[Site "masterchessopen.com Finkenstein (Austria)"]
[Round "2"]
[White "Hauschild Andreas (GER)"]
[Black "Manhardt Thomas (AUT)"]
[Result "1-0"]
[WhiteElo "2266"]
[BlackElo "2148"]

1.d4 Nf6 2.c4 g6 3.Nc3 Bg7 4.e4 d6 5.Be2 O-O 6.Bg5 h6 7.Be3 e5 8.d5 a5 9.h4
Na6 10.h5 g5 11.g4 Nc5 12.f3 Bd7 13.Nh3 Nh7 14.Nf2 a4 15.O-O Qb8 16.Qc2 Qa7
17.Rab1 b6 18.b4 axb3 19.axb3 Qa3 20.b4 Ba4 21.Qb2 Qxb2 22.Rxb2 Nb7 23.b5 Ra5
24.Ra1 Bb3 25.Rab1 Ba4 26.Nd3 Rfa8 27.Nb4 {#r} 1-0

[Event "Ch Finland"]
[Site "masterchessopen.com Finland"]
[Round "0"]
[White "Norri Joose (FIN)"]
[Black "Hartikainen Markku (FIN)"]
[Result "1-0"]
[WhiteElo "2291"]
[BlackElo "2294"]

1.d4 Nf6 2.c4 g6 3.Nc3 Bg7 4.e4 d6 5.Be2 O-O 6.Bg5 h6 7.Be3 e5 8.d5 Na6 9.h4
Nc5 10.Qc2 c6 11.h5 cxd5 12.cxd5 Qa5 13.Kf1 gxh5 14.a3 Qd8 15.b4 Na6 16.Qd2
Ng4 17.Bxg4 hxg4 18.Bxh6 Qf6 19.Nge2 Qg6 20.Ng3 f6 21.Rh5 Nc7 22.Ke2 Ne8
23.Rah1 Bd7 24.Nf5 Rf7 25.Bxg7 Bxf5 26.exf5 Qxg7 27.Rh6 {#r} 1-0

[Event "It"]
[Site "masterchessopen.com Geneva (Switzerland)"]
[Round "0"]
[White "Chabanon Jean-Luc (FRA)"]
[Black "Lanka Zigurds (LAT)"]
[Result "0-1"]
[WhiteElo "2415"]
[BlackElo "2540"]

1.d4 Nf6 2.c4 g6 3.Nc3 Bg7 4.e4 d6 5.Be2 O-O 6.Bg5 h6 7.Be3 Nbd7 8.h4 c5 9.g4
Qa5 10.f3 h5 11.dxc5 hxg4 12.cxd6 exd6 13.Qd2 gxf3 14.Nxf3 Nc5 15.Rb1 Qa6
16.Ng5 Re8 17.h5 gxh5 18.b4 Ncxe4 19.Ncxe4 Nxe4 20.Qd5 Nxg5 21.Qxg5 Bg4
22.Bxg4 hxg4 23.O-O Qxc4 24.Rf4 Qd3 25.Rb3 Qd1+ 26.Rf1 Qc2 27.Qd5 Re7 28.Bg5
Qe4 29.Qd1 Bd4+ 30.Kh2 f6 31.Bh4 Rh7 {#R} 0-1

[Event "Bundesliga (w)"]
[Site "masterchessopen.com Germany"]
[Round "0"]
[White "Mueller Helge (GER)"]
[Black "Sonnenberger Kirsten (GER)"]
[Result "0-1"]
[WhiteElo "2295"]
[BlackElo "2072"]

1.d4 Nf6 2.c4 g6 3.Nc3 Bg7 4.e4 d6 5.Be2 O-O 6.Bg5 h6 7.Be3 Nbd7 8.f3 e5 9.d5
Nh5 10.Qd2 g5 11.g3 Ndf6 12.O-O-O Bd7 13.h4 g4 14.Bxh6 Nxg3 15.Bxg7 Kxg7
16.Rh2 Nxe2+ 17.Ngxe2 gxf3 18.Ng3 Ng4 19.Rhh1 Kh7 20.Nf5 Bxf5 21.exf5 Qf6
22.Qg5 Rg8 23.Qh5+ Qh6+ 24.Qxh6+ Nxh6 25.Ne4 Rg2 26.Rdf1 Nxf5 27.Rxf3 Nh6
28.Rhf1 f5 29.Ng5+ Kg6 30.b3 Rxa2 31.Kb1 Rh2 32.Nh3 Rg2 33.Nf2 Rh8 34.b4 f4
35.c5 Nf5 36.cxd6 cxd6 37.Rc3 Ne3 {#R} 0-1

[Event "Bundesliga 1992/93"]
[Site "masterchessopen.com Germany"]
[Round "0"]
[White "Uhlmann Wolfgang (GER)"]
[Black "Wahls Matthias (GER)"]
[Result "1-0"]
[WhiteElo "2379"]
[BlackElo "2480"]

1.c4 g6 2.e4 Bg7 3.d4 d6 4.Nc3 Nf6 5.Be2 O-O 6.Bg5 h6 7.Be3 Nbd7 8.Qd2 c5 9.d5
Kh7 10.Nf3 Ng4 11.Ng5+ hxg5 12.Bxg4 Ne5 13.Be2 g4 14.f4 gxf3 15.gxf3 Bh3
16.Rg1 Rh8 17.f4 Nd7 18.O-O-O Qa5 19.Rg3 Kg8 20.Rdg1 a6 21.Bd3 b5 22.e5 dxe5
23.f5 Nb6 24.d6 exd6 25.f6 Bxf6 26.Bxg6 Rd8 27.Qf2 Nd7 28.Bf5+ Kf8 29.Bxd7
{#r} 1-0

[Event "Oberliga Baden 1992/93"]
[Site "masterchessopen.com Germany"]
[Round "0"]
[White "Escher Thomas (GER)"]
[Black "Doerflinger Josef (GER)"]
[Result "0-1"]
[WhiteElo "2190"]
[BlackElo "2220"]

1.d4 Nf6 2.c4 g6 3.Nc3 Bg7 4.e4 O-O 5.Be2 d6 6.Bg5 h6 7.Be3 c5 8.d5 b5 9.cxb5
a6 10.Nf3 axb5 11.Bxb5 Qa5 12.Bd3 Ba6 13.O-O Nbd7 14.Rb1 Rfb8 15.h3 Ne8
16.Bxa6 Rxa6 17.Qc2 Nc7 18.Nd2 Raa8 19.h4 Ne5 20.h5 gxh5 21.g3 Qa6 22.Kg2 Ne8
23.Rh1 Nf6 24.b3 Nfg4 25.a4 Nxe3+ 26.fxe3 c4 27.Rxh5 cxb3 28.Rxb3 Rxb3 29.Nxb3
Rc8 30.Qe2 Nd3 31.Nd4 Rxc3 32.Qg4 Ne5 {#R} 0-1

[Event "Oberliga North 1993/94"]
[Site "masterchessopen.com Germany"]
[Round "0"]
[White "Sahlender Frank (GER)"]
[Black "Bahr Peter (GER)"]
[Result "1-0"]
[WhiteElo "2219"]
[BlackElo "1909"]

1.c4 Nf6 2.Nc3 g6 3.e4 d6 4.d4 Bg7 5.Be2 O-O 6.Bg5 h6 7.Bf4 Nc6 8.d5 e5 9.Be3
Ne7 10.g4 Ne8 11.Qd2 Kh7 12.O-O-O c5 13.h4 a6 14.Nh3 Ng8 15.Ng5+ hxg5 16.hxg5+
Nh6 17.gxh6 Bf6 18.f4 exf4 19.Bxf4 Qa5 20.Qe3 Be5 21.Bxe5 dxe5 22.Qg3 f6 23.g5
Qc7 24.d6 Nxd6 25.gxf6 Nf7 26.Rdg1 Nh8 27.Nd5 Qd6 28.Bh5 Rxf6 29.Nxf6+ Qxf6
30.Rf1 Qd6 31.Rhg1 b5 32.Rf7+ Nxf7 33.Bxg6+ Kh8 34.Bxf7 Qxh6+ 35.Kb1 {#r} 1-0

[Event "It (open)"]
[Site "masterchessopen.com Giessen (Germany)"]
[Round "0"]
[White "Schmidt Bernhard (GER)"]
[Black "Villwock Martin (GER)"]
[Result "1-0"]
[WhiteElo "2244"]
[BlackElo "2156"]

1.d4 Nf6 2.c4 g6 3.Nc3 Bg7 4.e4 d6 5.Be2 O-O 6.Bg5 h6 7.Be3 Nbd7 8.Qd2 c5 9.d5
Kh7 10.Nf3 b5 11.cxb5 a6 12.Qc2 axb5 13.Bxb5 Ba6 14.a4 Ng4 15.O-O Nxe3 16.fxe3
Bxb5 17.Nxb5 Qb6 18.Rf2 h5 19.Na3 Qb4 20.Nc4 Nb6 21.Nxb6 Qxb6 22.Ng5+ Kg8
23.Raf1 Bh6 24.h4 f6 25.e5 f5 26.e4 Bxg5 27.hxg5 c4 28.Kh1 Qe3 29.exf5 Qxg5
30.fxg6 Qh4+ 31.Kg1 Qd4 32.Qe2 Rf5 33.exd6 e5 34.Qd2 Qxd2 35.Rxd2 Rg5 36.Rf6
Kg7 37.Rf7+ Kxg6 38.Rdf2 Rg4 39.R2f6+ Kg5 40.Rf8 {#r} 1-0

[Event "Ch Hungary (team) 1992/93"]
[Site "masterchessopen.com Hungary"]
[Round "0"]
[White "Kladiva Imre (HUN)"]
[Black "Keschitz Gyorgy (HUN)"]
[Result "1-0"]
[WhiteElo "2014"]
[BlackElo "2307"]

1.d4 Nf6 2.c4 g6 3.Nc3 Bg7 4.e4 d6 5.Be2 O-O 6.Bg5 h6 7.Bh4 Nbd7 8.g4 e5 9.g5
Nh7 10.gxh6 Qxh4 11.hxg7 Kxg7 12.Nf3 Qf4 13.Qd2 Qxd2+ 14.Kxd2 c6 15.Rag1 Nhf6
16.h4 Nh5 17.dxe5 dxe5 18.Nxe5 Nxe5 19.Bxh5 Nxc4+ 20.Kc1 Be6 21.f4 Kf6 22.Be2
Nb6 23.h5 Rh8 24.hxg6 fxg6 25.e5+ Kf7 26.Ne4 Rxh1 27.Rxh1 Kg7 28.Ng5 Bxa2
29.Rh7+ Kg8 30.Rxb7 Rf8 31.Rxa7 Bc4 32.Bxc4+ Nxc4 33.Ne6 Rf7 34.Ra8+ {#r} 1-0

[Event "Ch Iceland"]
[Site "masterchessopen.com Iceland"]
[Round "0"]
[White "Gislason Gudmundur (ISL)"]
[Black "Hjartarson Johann (ISL)"]
[Result "0-1"]
[WhiteElo "2295"]
[BlackElo "2605"]

1.d4 Nf6 2.c4 g6 3.Nc3 Bg7 4.e4 d6 5.Be2 O-O 6.Bg5 h6 7.Be3 Nbd7 8.Qd2 c5 9.d5
h5 10.h3 b5 11.cxb5 a6 12.Bh6 Bxh6 13.Qxh6 axb5 14.Bxb5 Qa5 15.Ne2 Nxe4 16.O-O
Nxc3 17.Nxc3 Qb4 18.Rae1 Qxb2 19.Re3 Ra3 20.Bxd7 Bxd7 21.Rxe7 Bf5 22.Nd1 Qf6
23.Rfe1 Rxa2 24.Qf4 Ra1 25.R7e3 Qd4 26.Qf3 Rb8 27.Kh2 Rbb1 28.Re8+ Kh7 29.R1e7
Kg7 30.Qe3 Qxe3 31.Nxe3 h4 32.g4 Rh1+ 33.Kg2 Rag1+ 34.Kf3 Rxh3+ 35.Kf4 Rxe3
36.gxf5 Rxe7 37.Rxe7 h3 38.Re3 h2 {#R} 0-1

[Event "It (open)"]
[Site "masterchessopen.com Katerini (Greece)"]
[Round "0"]
[White "Demirel Tolga (TUR)"]
[Black "Kotronias Vasilios (GRE)"]
[Result "0-1"]
[WhiteElo "2143"]
[BlackElo "2590"]

1.d4 Nf6 2.c4 g6 3.Nc3 Bg7 4.e4 d6 5.Be2 O-O 6.Bg5 h6 7.Be3 c5 8.dxc5 Qa5 9.f3
dxc5 10.Qa4 Qc7 11.Bd1 Nc6 12.a3 Nd4 13.Nb5 Qe5 14.Ne2 Bd7 15.Nexd4 Ng4
16.fxg4 cxd4 17.Bf2 a6 18.Qc2 axb5 19.Bg3 Qe6 20.cxb5 Bxb5 21.Bf3 Rfc8 22.Qd2
Qb3 23.Rc1 Qe3+ {#R} 0-1

[Event "It (open)"]
[Site "masterchessopen.com Katerini (Greece)"]
[Round "0"]
[White "Petursson Margeir (ISL)"]
[Black "Demirel Tolga (TUR)"]
[Result "1-0"]
[WhiteElo "2560"]
[BlackElo "2143"]

1.d4 Nf6 2.c4 g6 3.Nc3 Bg7 4.e4 d6 5.Be2 O-O 6.Bg5 h6 7.Be3 Nbd7 8.Qd2 c5 9.d5
Qa5 10.Bxh6 Bxh6 11.Qxh6 Nxe4 12.Rc1 Ndf6 13.h4 Nxc3 14.bxc3 Ne4 15.h5 g5
16.f3 Qa3 17.Rc2 Nxc3 18.Qxg5+ Kh8 19.Qxe7 {#r} 1-0

[Event "It (open)"]
[Site "masterchessopen.com Komotini (Greece)"]
[Round "7"]
[White "Gurieli Nino (GEO)"]
[Black "Grabics Monika (HUN)"]
[Result "1-0"]
[WhiteElo "2329"]
[BlackElo "2336"]

1.d4 Nf6 2.c4 g6 3.Nc3 Bg7 4.e4 d6 5.Be2 O-O 6.Bg5 h6 7.Be3 Na6 8.Qd2 Kh7 9.f3
e5 10.d5 Ng8 11.h4 f5 12.h5 f4 13.hxg6+ Kxg6 14.Bf2 Nf6 15.Bd3 Nh5 16.Nge2 Bd7
17.O-O-O Bf6 18.Rxh5 Kxh5 19.Nxf4+ exf4 20.e5 Bh4 21.Rh1 Bf5 22.Bxh4 Qe8
23.Bf6+ {#r} 1-0

[Event "It (open)"]
[Site "masterchessopen.com Lima (Peru)"]
[Round "9"]
[White "Angulo Alberto (PER)"]
[Black "Lopez Dante (PER)"]
[Result "0-1"]
[WhiteElo "2065"]
[BlackElo "2185"]

1.d4 Nf6 2.c4 g6 3.Nc3 Bg7 4.e4 d6 5.Be2 O-O 6.Bg5 h6 7.Be3 c6 8.Qd2 Kh7 9.h3
a6 10.a4 Qa5 11.Ra3 Nbd7 12.Nf3 c5 13.O-O cxd4 14.Bxd4 g5 15.Ne1 e5 16.Be3 Nc5
17.Nc2 Qd8 18.f3 Qe7 19.Rd1 Be6 20.b4 Ncd7 21.Qxd6 Qxd6 22.Rxd6 Rfc8 23.c5 a5
24.Bb5 axb4 25.Nxb4 Bf8 26.Bxd7 Nxd7 27.Rd1 Nxc5 28.Ncd5 Na6 29.Rb3 Nxb4
30.Rxb4 Bxd5 31.Rb5 Bc6 32.Rxe5 Bxa4 33.Rb1 b5 34.Rf5 Kg6 35.Bd4 Bg7 36.Bf2
Bc3 37.h4 gxh4 38.Kh2 b4 39.Bxh4 Bc2 {#R} 0-1

[Event "Memorial J.Capablanca (c)"]
[Site "masterchessopen.com Matanzas (Cuba)"]
[Round "3"]
[White "Gonzalez Garcia Jose (MEX)"]
[Black "Pecorelli Garcia Humberto (CUB)"]
[Result "0-1"]
[WhiteElo "2330"]
[BlackElo "2400"]

1.d4 Nf6 2.c4 g6 3.Nc3 Bg7 4.e4 d6 5.Be2 O-O 6.Bg5 h6 7.Be3 Nbd7 8.Qd2 c5 9.d5
Qa5 10.f3 Kh7 11.Nh3 a6 12.Nf2 b5 13.cxb5 Nb6 14.O-O Nfd7 15.Nfd1 Ne5 16.b3 f5
17.exf5 Bxf5 18.Rc1 axb5 19.Bxb5 Qb4 20.h3 Bxh3 21.f4 Bd7 22.Bxd7 Nexd7 23.Qe2
Rf5 24.g4 Rf7 25.Nb5 Nxd5 26.Qg2 Nxe3 27.Nxe3 Raf8 28.Qb7 Bd4 29.Rfe1 Bxe3+
30.Rxe3 Qxf4 {#R} 0-1

[Event "Memorial J.Capablanca (d)"]
[Site "masterchessopen.com Matanzas (Cuba)"]
[Round "7"]
[White "Leitao Rafael (BRA)"]
[Black "Boudy Julio (CUB)"]
[Result "1-0"]
[WhiteElo "2360"]
[BlackElo "2325"]

1.d4 Nf6 2.c4 g6 3.Nc3 Bg7 4.e4 d6 5.Be2 O-O 6.Bg5 h6 7.Be3 e5 8.d5 c6 9.Qd2
h5 10.f3 a6 11.Bd3 cxd5 12.cxd5 Nbd7 13.Nge2 Nh7 14.O-O h4 15.b4 f5 16.Kh1 f4
17.Bg1 h3 18.g3 fxg3 19.hxg3 a5 20.Rab1 Ng5 21.f4 axb4 22.Nb5 Nf7 23.Rfc1 Nc5
24.Rxc5 dxc5 25.Bxc5 Re8 26.Bxb4 Bg4 27.Rf1 Bf8 28.Bc3 Qb6 29.a4 Rxa4 30.fxe5
Bh6 31.Qc2 Qe3 32.Qxa4 Bxe2 33.Nd4 Bxf1 34.Qxe8+ Bf8 35.Bxf1 Qxc3 36.e6 {#r}
1-0

[Event "Ch Belarus"]
[Site "masterchessopen.com Minsk (Belarus)"]
[Round "0"]
[White "Ryskin Alexander (BLR)"]
[Black "Mochalov Evgeny V (BLR)"]
[Result "0-1"]
[WhiteElo "2505"]
[BlackElo "2445"]

1.d4 Nf6 2.c4 g6 3.Nc3 Bg7 4.e4 d6 5.Be2 O-O 6.Bg5 h6 7.Be3 c5 8.e5 dxe5
9.dxe5 Qxd1+ 10.Rxd1 Ng4 11.Bxc5 Nxe5 12.Bxe7 Re8 13.Nd5 Be6 14.Ba3 Bxd5
15.cxd5 Nc4 16.h4 Nxb2 17.Bxb2 Bxb2 18.Rb1 Bg7 19.Kf1 Nd7 20.Rh3 Nc5 21.Ra3 a6
22.Bf3 Rad8 23.Ne2 h5 24.Rb6 Ne4 25.Rd3 Nd6 26.g3 Re7 27.Rd1 Rc7 28.Nd4 Rc4
29.Nb3 Rc2 30.Na5 Rd7 31.Nb3 Bf8 32.a4 Rdc7 33.Nd4 R2c4 34.a5 Ra4 35.g4 hxg4
36.Bxg4 Rcc4 37.Ne6 fxe6 38.Bxe6+ Kg7 {#R} 0-1

[Event "Ch Belarus"]
[Site "masterchessopen.com Minsk (Belarus)"]
[Round "0"]
[White "Ryskin Alexander (BLR)"]
[Black "Shulman Yuri (USA)"]
[Result "1-0"]
[WhiteElo "2505"]
[BlackElo "2608"]

1.d4 Nf6 2.c4 g6 3.Nc3 Bg7 4.e4 O-O 5.Be2 d6 6.Bg5 h6 7.Be3 e5 8.d5 Na6 9.Qd2
h5 10.h4 Ng4 11.Bxg4 Bxg4 12.Nh3 Bd7 13.O-O-O Nc5 14.f3 f5 15.Ng5 Qf6 16.Kb1
f4 17.Bxc5 dxc5 18.Nb5 Rfc8 19.Rhg1 a6 20.Nc3 Bf8 21.g3 Bd6 22.Ne6 Bxe6
23.dxe6 Qxe6 24.gxf4 exf4 25.e5 Bxe5 26.Qc2 Kh7 27.Rde1 Rg8 28.Rg5 Kh6
29.Rexe5 Qxc4 30.Rxh5+ gxh5 31.Rxh5+ Kg7 32.Rh7+ Kf6 33.Ne4+ Kg6 34.Qxc4 Kxh7
35.Nf6+ {#r} 1-0

[Event "It (active)"]
[Site "masterchessopen.com Oviedo (Spain)"]
[Round "0"]
[White "Petursson Margeir (ISL)"]
[Black "Sharif Mehrshad (FRA)"]
[Result "1-0"]
[WhiteElo "2560"]
[BlackElo "2425"]

1.c4 Nf6 2.Nc3 g6 3.d4 Bg7 4.e4 d6 5.Be2 O-O 6.Bg5 h6 7.Be3 c5 8.dxc5 Qa5
9.Bd2 Qxc5 10.Nf3 Nc6 11.Be3 Qa5 12.Nd2 h5 13.h3 e6 14.O-O Qd8 15.Nb3 b6
16.Qd2 Bb7 17.Bg5 Rc8 18.Rad1 a6 19.Qxd6 Qxd6 20.Rxd6 Nh7 21.Be3 Bxc3 22.bxc3
Ne5 23.c5 b5 24.f3 Rc7 25.Rfd1 Nc6 26.Bf4 e5 27.Bg3 Bc8 28.f4 Re8 29.fxe5 Ng5
30.Bf4 Ne6 31.Bh2 Ne7 32.Rb6 Bb7 33.c4 Nc8 34.cxb5 Nxb6 35.cxb6 Rc2 36.bxa6
Rxe2 37.axb7 Rb8 38.Na5 Rxa2 39.Rc1 Kg7 40.Rc8 {#r} 1-0

[Event "It (open) (juniors)"]
[Site "masterchessopen.com Stockerau (Austria)"]
[Round "4"]
[White "Polak Tomas (CZE)"]
[Black "Rasik Vitezslav (CZE)"]
[Result "0-1"]
[WhiteElo "2410"]
[BlackElo "2405"]

1.d4 Nf6 2.c4 g6 3.Nc3 Bg7 4.e4 d6 5.Be2 O-O 6.Bg5 h6 7.Be3 Nbd7 8.Qd2 c5 9.d5
Qa5 10.a4 Ne5 11.Qc2 Qb4 12.Bd2 Nxc4 13.Bxc4 Qxc4 14.b3 Qa6 15.Nge2 e6 16.dxe6
Bxe6 17.O-O d5 18.e5 Nd7 19.f4 d4 20.Nb5 Qb6 21.b4 Rfd8 22.bxc5 Nxc5 23.Nexd4
Nb3 24.Be3 Nxa1 25.Rxa1 a6 26.Qc7 Qxc7 27.Nxc7 Rac8 28.Ncxe6 fxe6 29.Nxe6 Rd3
30.Kf2 Bf8 31.Ke2 Rb3 32.Nxf8 Kxf8 33.Kf3 h5 34.Ke4 Kf7 35.Bd4 Ke6 36.a5 Rc2
37.Be3 Re2 {#R} 0-1

[Event "Ch Sweden (team)"]
[Site "masterchessopen.com Sweden"]
[Round "7"]
[White "Lundin Alexandr (RUS)"]
[Black "Borvander Tom (SWE)"]
[Result "1-0"]
[WhiteElo "2303"]
[BlackElo "2174"]

1.d4 Nf6 2.c4 g6 3.Nc3 Bg7 4.e4 d6 5.Be2 O-O 6.Bg5 h6 7.Be3 Nbd7 8.Qd2 Kh7
9.O-O-O e5 10.d5 Nc5 11.f3 a5 12.g4 Ne8 13.h4 Bd7 14.Kb1 Na4 15.Nh3 Nxc3+
16.Qxc3 c6 17.Qd2 cxd5 18.exd5 Qe7 19.Bd3 f5 20.gxf5 gxf5 21.Rdg1 e4 22.fxe4
fxe4 23.Be2 Bf5 24.Nf4 a4 25.a3 Nf6 26.h5 Rf7 27.Rg6 Rc8 28.Ne6 Bxe6 29.dxe6
Qxe6 30.Bxh6 e3 31.Qd3 Kh8 32.Rf1 Rg8 33.Qd4 Qe7 34.Bxg7+ Rgxg7 35.Rgxf6 Kg8
{#r} 1-0

[Event "It (open)"]
[Site "masterchessopen.com Zaragoza (Spain)"]
[Round "0"]
[White "Reis Luis Sousa (POR)"]
[Black "Llanes Luno Pedro (ESP)"]
[Result "0-1"]
[WhiteElo "2247"]
[BlackElo "2130"]

1.d4 Nf6 2.c4 g6 3.Nc3 Bg7 4.e4 d6 5.Be2 O-O 6.Bg5 h6 7.Be3 e5 8.d5 Na6 9.Qd2
Kh7 10.h3 Nxe4 11.Nxe4 f5 12.Bg5 Qe8 13.Nf6+ Rxf6 14.Bxf6 Bxf6 15.h4 Nc5
16.Nf3 e4 17.Nd4 Nd3+ 18.Bxd3 Bxd4 19.Bf1 Bf6 20.Be2 Qe5 21.g3 Bd7 22.Rb1 Re8
23.Qe3 b6 24.Kf1 Qe7 25.b4 Qg7 26.Rb3 Bd4 27.Qd2 Qe5 28.Qf4 Qf6 29.Ra3 Be5
30.Qe3 f4 31.gxf4 Bxf4 32.Qc3 Be5 33.Qe3 Bf4 34.Qc3 Be5 35.Qe3 Rf8 36.f3 Bd4
37.Qd2 Bg4 38.h5 g5 39.Qc2 Kh8 {#R} 0-1

[Event "It (open)"]
[Site "masterchessopen.com Andorra"]
[Round "5"]
[White "Amura Claudia N (ARG)"]
[Black "Hernandez Albert (USA)"]
[Result "1-0"]
[WhiteElo "2325"]
[BlackElo "2327"]

1.d4 Nf6 2.c4 g6 3.Nc3 Bg7 4.e4 d6 5.Be2 O-O 6.Bg5 h6 7.Be3 e5 8.d5 Na6 9.g4
Nc5 10.f3 h5 11.h3 c6 12.b4 cxd5 13.cxd5 Ncd7 14.Bd3 a6 15.Nge2 Nh7 16.Kf2 h4
17.Qc2 Bf6 18.Kg2 Bg5 19.Bf2 b6 20.Nd1 Bb7 21.Qb3 Qc7 22.Nb2 Rfc8 23.Rhb1 Nhf6
24.Qd1 Ne8 25.Nc4 Qd8 26.Qg1 {#r} 1-0

[Event "It (open)"]
[Site "masterchessopen.com Bad Ragaz (Switzerland)"]
[Round "0"]
[White "Raetsky Alexander (RUS)"]
[Black "Schneider Marcel (SUI)"]
[Result "1-0"]
[WhiteElo "2450"]
[BlackElo "2133"]

1.d4 Nf6 2.c4 g6 3.Nc3 Bg7 4.e4 d6 5.Be2 O-O 6.Bg5 h6 7.Be3 Nbd7 8.Qd2 Kh7
9.h4 h5 10.O-O-O c6 11.e5 Ne8 12.f4 Qa5 13.g4 b5 14.gxh5 gxh5 15.Bd3+ Kg8
16.Qe2 bxc4 17.Bb1 dxe5 18.fxe5 f5 19.Qxh5 Nxe5 20.dxe5 Qxe5 21.Bh6 Qe6
22.Bxg7 Nxg7 23.Qg5 f4 24.Nge2 Qe3+ 25.Rd2 e5 26.Rg1 Rf7 27.Nd1 {#r} 1-0